Slovenské exportné informačné centrum
Slovenské exportné informačné centrum (SEIC) sa v júni prvý raz predstavilo exportérom. Charakteristika činnosti, výsledky a ponúkané služby. Informácie a informačné zdroje poskytované SEIC. Odvetvový a teritoriálny profil doteraz vykonaných štúdií SEIC.
Gespeichert in:
| 1. Verfasser: | |
|---|---|
| Format: | Buchkapitel |
| Sprache: | Slowakisch |
| Schlagworte: | |
| Tags: |
Keine Tags, Fügen Sie das erste Tag hinzu!
|
MARC
| LEADER | 00000naa a2200000 4500 | ||
|---|---|---|---|
| 001 | r038951 | ||
| 005 | 20230824105659.9 | ||
| 041 | 0 | |a slo | |
| 044 | |a SK | ||
| 245 | 1 | 0 | |a Slovenské exportné informačné centrum |c Jaroslava Miškufová |
| 520 | |a Slovenské exportné informačné centrum (SEIC) sa v júni prvý raz predstavilo exportérom. Charakteristika činnosti, výsledky a ponúkané služby. Informácie a informačné zdroje poskytované SEIC. Odvetvový a teritoriálny profil doteraz vykonaných štúdií SEIC. | ||
| 610 | 2 | 0 | |a vývoz |
| 610 | 2 | 0 | |a podpora vývozu |
| 610 | 2 | 0 | |a informácie |
| 610 | 2 | 0 | |a zdroje informácií |
| 610 | 2 | 0 | |a služby informačné |
| 610 | 2 | 0 | |a štúdie |
| 610 | 2 | 0 | |a Slovensko |
| 610 | 2 | 0 | |a Slovenské exportné informačné centrum |
| 100 | 1 | |a Miškufová, Jaroslava | |